Music Quiz

Random Music or Numbers Quiz

UK 00s Number 1 Artists Quiz Stats

 Plays Quiz not verified by Sporcle

Also try: Songs by Subject
Challenge
Share
Tweet
Embed
Score 0/168 Timer 18:00
0 Plays Today
Number 1s Artist % Correct
6Eminem
94.7%
4Beyonce
92%
4Elvis Presley
90.6%
4Robbie Williams
90.1%
1Nicole Kidman (with Robbie Williams)
89.8%
4Black Eyed Peas
86.9%
2Rihanna
86.1%
1Christina Aguilera/Lil' Kim/Mya/Pink
85.7%
1Coldplay
84.4%
4Girls Aloud
84%
1Kanye West
83.4%
5Madonna
82.6%
3Take That
81.2%
2Shakira
80.3%
3U2
80.1%
1Katy Perry
79.1%
3Lady Gaga
78.4%
7McFly
78.2%
2P!nk
78.1%
4Britney Spears
77.9%
2Pussycat Dolls
77.3%
3Kylie Minogue
76.9%
1Kings Of Leon
76.3%
1Justin Timberlake
75.8%
2Christina Aguilera
75.7%
1Band Aid 20
75.2%
1Chico
74.6%
1Vanessa Jenkins & Bryn West
74.5%
3Atomic Kitten
74.1%
3Leona Lewis
73.6%
2Shaggy
73.5%
3Nelly
73.2%
4Will Young
73.1%
1Cheryl Cole
72.6%
1Mika
71.3%
2Destiny's Child
70.6%
2Bob The Builder
70.6%
2Arctic Monkeys
70.3%
10Westlife
69.7%
1James Blunt
69.6%
2Alexandra Burke
69.3%
3Daniel Bedingfield
67.5%
3S Club 7
66.6%
4Gareth Gates
66.5%
1Peter Andre
66%
6Sugababes
65.8%
2Ronan Keating
64.3%
1Nelly Furtado
64.1%
1Kelly Clarkson
63.9%
2Usher
63.3%
2Craig David
61.2%
1Kaiser Chiefs
60.3%
1Elton John
59.5%
1Scissor Sisters
59.4%
1Crazy Frog
59%
1Natasha Bedingfield
58.8%
Number 1s Artist % Correct
1Duffy
58.5%
2All Saints
58.5%
1R Kelly
57.6%
1Estelle
57.5%
4Busted
56.7%
2Lily Allen
56.2%
1Rage Against The Machine
56.1%
2Hear'Say
55.9%
2JLS
55.7%
2Akon
55.3%
1Jay-Z
55.2%
1Enrique Iglesias
55.1%
4Oasis
54.9%
1The Proclaimers
54.4%
1Ting Tings
53.6%
3Dizzee Rascal
53.2%
25ive
52.7%
1Afroman
52.6%
1La Roux
52.3%
1Gnarls Barkley
52.2%
1My Chemical Romance
52%
1Mariah Carey
51.8%
2Jennifer Lopez
50.4%
1Evanescence
50.2%
1Cascada
49.6%
12Pac
49.5%
1Tatu
49.2%
1Shayne Ward
49%
1Holly Valance
48.4%
1Stereophonics
48.1%
1Streets
46.8%
1Peter Kay's Animated All Star Band
46.6%
2David Guetta
46.4%
1Las Ketchup
46.3%
3Blue
45.9%
1LeAnn Rimes
45.7%
1Leon Jackson
45.3%
1Limp Bizkit
45.3%
2Ne-Yo
45.1%
2Pixie Lott
45.1%
1Darius
45%
1Eamon
44%
1Spice Girls
44%
1Michael Andrews
43%
1Basshunter
42.9%
1Gorillaz
42.7%
2A1
41.7%
1Calvin Harris
41.6%
1So Solid Crew
41.6%
1Tony Christie
41.5%
2Melanie C
41.4%
1Sean Kingston
41%
1Blazin' Squad
40.8%
1Flo Rida
40.3%
1Kid Rock
40.3%
1Eric Prydz
40%
Number 1s Artist % Correct
1Liberty X
39.1%
1Razorlight
38.9%
1Steps
37.2%
1Emma Bunton
35.8%
1Sandi Thom
35.8%
2Geri Halliwell
35.4%
1DJ Sammy & Yanou
34.7%
1DJ Otzi
34.6%
2Tinchy Stryder
34%
1Ciara
33.4%
1Chipmunk
32.4%
1Robyn and Kleerup
32.3%
1Nizlopi
31.8%
1Spiller
31.2%
1George Harrison
30.8%
1Ozzy & Kelly Osbourne
30.8%
2Timbaland
30.5%
1DJ Casper
30.1%
1Taio Cruz
28.4%
1Madison Avenue
28.2%
1Steve Brookstein
27.6%
1Orson
26.6%
1Modjo
26.6%
2X Factor Finalists
26.5%
13 Of A Kind
26.5%
1Corrs
26.2%
1Frankee
26.2%
1Manic Street Preachers
25.8%
1Gabrielle
25.5%
1Aaliyah
24.6%
1Meck
24.1%
1Chicane/Bryan Adams
24.1%
1Blu Cantrell
24%
1Fragma
22.7%
1Shapeshifters
22.2%
1DJ Pied Piper
20.1%
1Billie Piper
19.9%
1Michelle
19.8%
1Sonique
19.4%
1Sam & Mark
19.3%
1David Sneddon
19.1%
1Fatman Scoop/Crooklyn Clan
18.9%
1Fedde Le Grand
18%
1Notorious BIG
17.8%
1Room 5
16.1%
1Mint Royale
15.7%
1Brian McFadden
15.4%
1Oxide & Neutrino
15.4%
1Mario Winans
15.1%
1Roger Sanchez
14.8%
1Eva Cassidy & Katie Melua
14%
1LMC
13.3%
1Ja Rule
10.5%
1Tomcraft
10.2%
1Black Legend
10%
1Rui Da Silva
7.8%

You're not logged in!

Compare scores with friends on all Sporcle quizzes.
OR
Log In

You Might Also Like...

Show Comments

Extras

Top Quizzes Today


Score Distribution

Your Account Isn't Verified!

In order to create a playlist on Sporcle, you need to verify the email address you used during registration. Go to your Sporcle Settings to finish the process.

Report this User

Report this user for behavior that violates our Community Guidelines.

Details: